书目信息 |
| 题名: |
国际金融学名校考研真题与习题解析
|
|
| 作者: | 陈胜权 主编 | |
| 分册: | ||
| 出版信息: | 北京 对外经济贸易大学出版社 2005.01 |
|
| 页数: | 380页 | |
| 开本: | 26cm | |
| 丛书名: | 财经类专业课名校考研真题与习题解析系列 | |
| 单 册: | ||
| 中图分类: | F831-44 | |
| 科图分类: | ||
| 主题词: | 国际金融学--研究生--入学考试--解题 | |
| 电子资源: | ||
| ISBN: | 7-81078-415-3 | |
| 000 | 01153nam 2200241 450 | |
| 001 | 192004001866 | |
| 005 | 20070911110258.10 | |
| 010 | @a7-81078-415-3@dCNY42.00 | |
| 100 | @a20070531d2005 ekmy0chiy0121 ea | |
| 101 | 0 | @achi |
| 102 | @aCN@b110000 | |
| 105 | @ay z 000yy | |
| 200 | 1 | @a国际金融学名校考研真题与习题解析@Aguo ji jin rong xue ming jiao kao yan zhen ti yu xi ti jie xi@f陈胜权主编@Fchen sheng quan zhu bian |
| 210 | @a北京@c对外经济贸易大学出版社@d2005.01 | |
| 215 | @a380页@d26cm | |
| 225 | 2 | @a财经类专业课名校考研真题与习题解析系列@Acai jing lei zhuan ye ke ming jiao kao yan zhen ti yu xi ti jie xi ji lie |
| 330 | @a本书精选全国50余所著名高校历年研究生入学考试100余份国际金融试卷中的试题。本书适用于高校硕士研究生入学考试中参加国际金融、金融联考、金融工程和证券投资学等考试科目的考生,对各大院校师生学习金融学和证券投资,以及参加经济学职称考试和其他相关专业人员来说,本书也具有较高的参考价值。 | |
| 410 | 0 | @12001 @a财经类专业课名校考研真题与习题解析系列 |
| 606 | 0 | @a国际金融学@x研究生@x入学考试@j解题 |
| 690 | @aF831-44@v4 | |
| 701 | 0 | @a陈胜权@Achen sheng quan@4主编 |
| 801 | 0 | @aCN@c20070911 |
| 905 | @dF831-44@eC5652 | |
| 国际金融学名校考研真题与习题解析/陈胜权主编.-北京:对外经济贸易大学出版社,2005.01 |
| 380页;26cm.-(财经类专业课名校考研真题与习题解析系列) |
| ISBN 7-81078-415-3:CNY42.00 |
| 本书精选全国50余所著名高校历年研究生入学考试100余份国际金融试卷中的试题。本书适用于高校硕士研究生入学考试中参加国际金融、金融联考、金融工程和证券投资学等考试科目的考生,对各大院校师生学习金融学和证券投资,以及参加经济学职称考试和其他相关专业人员来说,本书也具有较高的参考价值。 |
| ● |
| 相关链接 |
|
|
|
正题名:国际金融学名校考研真题与习题解析
索取号:F831-44/C5652
 
预约/预借
| 序号 | 登录号 | 条形码 | 馆藏地/架位号 | 状态 | 备注 |
| 1 | 624760 | 206247603 | 社科库409/409社科库 53排7列4层/ [索取号:F831-44/C5652] | 在馆 | |
| 2 | 624761 | 206247612 | 社科库409/422社科库 33排3列2层/ [索取号:F831-44/C5652] | 在馆 | |
| 3 | 624762 | 206247621 | 社科二线422/422社科库 9排2列5层/ [索取号:F831-44/C5652] | 在馆 |